Central Library, Doon University
WEBOPAC (ONLINE PUBLIC ACCESS CATALOGUE)

Chemical Process Industries (Record no. 60756)

MARC details
000 -LEADER
fixed length control field 00544nam a22001937a 4500
005 - DATE & TIME
control field 20260511124017.0
008 - FIXED-LENGTH DATA ELEMENTS--GENERAL INFORMATION
fixed length control field 260511b |||||||| |||| 00| 0 eng d
020 ## - ISBN
International Standard Book Number 9788123928456
Price 625.00
040 ## - CATALOGING SOURCE
Original cataloging agency Doon University
041 ## - Language
Language English
082 ## - DDC NUMBER
Classification number 660.6
Book Number SMI
100 ## - MAIN ENTRY--PERSONAL NAME
Personal name Smith, W.
245 ## - TITLE STATEMENT
Title Chemical Process Industries
Sub Title : Inorganic Chemicals And Allied Industries
260 ## - PUBLICATION, DISTRIBUTION, ETC. (IMPRINT)
Place of publication, distribution, etc New Delhi
Name of publisher, distributor, etc CBS
Date of publication, distribution, etc 2019
300 ## - PHYSICAL DESCRIPTION
Pages 471
Other Details Vol.1st
650 ## - Subject
Subject Environment Science (PM USHA)
700 ## - Added Entry Personal Name
Added Entry Personal Name Chapman, R.
942 ## - ADDED ENTRY ELEMENTS (KOHA)
Koha item type Books
100 ## - MAIN ENTRY--PERSONAL NAME
-- 26777
650 ## - Subject
-- 26725
700 ## - Added Entry Personal Name
-- 26778
952 ## - LOCATION AND ITEM INFORMATION (KOHA)
-- 2026-05-11
952 ## - LOCATION AND ITEM INFORMATION (KOHA)
-- 2026-05-11
952 ## - LOCATION AND ITEM INFORMATION (KOHA)
-- 2026-05-11
Holdings
Withdrawn status Lost status Source of classification or shelving scheme Damaged status Not for loan Location (home branch) Sublocation or collection (holding branch) Date acquired Koha full call number Accession No. Koha date last seen Koha item type Koha issues (times borrowed)
        Not For Loan Doon University Doon University 11.05.2026 660.6 SMI 32956 11.05.2026 Reference  
          Doon University Doon University 11.05.2026 660.6 SMI 32957 11.05.2026 Books  
          Doon University Doon University 11.05.2026 660.6 SMI 32958 11.05.2026 Books  
Contact : +91-135-2533126 (Library),+91-135-2533105 (Admin Office) , Email : doonlibrary@gmail.com

Powered by Koha